00668nam a2200205Ia 4500003000900000008004100009020001800050040001600068080001700084100002400101245005500125260003800180300001300218650002700231650003100258700002400289942000700313999001700320952012500337IN-BaIIA211028s9999 xx 000 0 eng d a981-02-4243-3 cIIA Library a524.834bSAL aSallhofer, H924884 0aHere erred EinsteincH. Sallhofer and D. Radharose aSingaporebWorld Scientificc2001 ax, 202p. aParticle physics91847 aTheory of relativity97610 aRadharose, D924885 cBK c14134d14134 00104070aBANbBANcGENd2001-06-20g1089.00l0o524.834/ SALp15054r2021-11-05v1089.00w2001-06-20yBKGRs. 1089.00